| 000 | 00601cam a22002053a 4500 | ||
|---|---|---|---|
| 001 | 35470 | ||
| 003 | PGUSA | ||
| 005 | 20140828083750.0 | ||
| 008 | 110303s2011||||xxu|||||s|||||000 | eng d | ||
| 040 |
_aPGUSA _beng |
||
| 042 | _adc | ||
| 100 | 1 |
_aPratt, Parley P. _q(Parley Parker), _d1807-1857 |
|
| 245 | 1 | 0 |
_aKey to the Science of Theology _h[electronic resource] / _cParley P. Pratt |
| 260 |
_bProject Gutenberg, _c2011 |
||
| 506 | _aPublic domain in the USA. | ||
| 516 | _aElectronic text | ||
| 830 | 0 |
_aProject Gutenberg _v35470 |
|
| 856 | 4 | 0 | _uhttp://www.gutenberg.org/ebooks/35470 |
| 942 | _cEB | ||
| 999 |
_c264725 _d264725 |
||